000 00890nam a2200253Ia 4500
999 _c5861
_d5861
003 OSt
005 20200406181853.0
008 191128s2009 ck gr 000 0 spa d
020 _a9789587104370
040 _aCO-JMCR
_cCO-JMCR
041 0 _aspa
082 0 4 _bU623d /
_a321.05
_221
100 1 _aUpegui Mejía, Juan Carlos,
_eautor
_92553
245 1 0 _aDoce tesis en torno al concepto de estado social de derecho :
_bdiscurso jurisprudencial, elementos, usos /
_cJuan Carlos Upegui Mejía
250 _aPrimera edición
260 _aBogotá :
_bUniversidad Externado de Colombia,
_c2009
300 _a83 páginas ;
_c21 cm.
490 0 _aTemas de derecho público ;
_v80
505 0 _aEl contexto -- Los instrumentos -- Las aplicaciones
650 1 4 _aEstado de derecho
_92005
650 1 4 _aDerecho constitucional
_92554
650 1 4 _a Derecho público
_92555
942 _2ddc
_cBK